| 000 | 00818nam a22002777a 4500 | ||
|---|---|---|---|
| 001 | BR9702870 | ||
| 003 | BR-BrBNA | ||
| 005 | 20230928095350.0 | ||
| 007 | ta | ||
| 008 | 230509b bl.||||| |||| 00| 0 por d | ||
| 040 |
_aBR-BrBNA _bpor _cBiblioteca Nacional de Agricultura |
||
| 041 | _a(Por) | ||
| 072 | _aP06; P01 | ||
| 090 | _ P06 BR9702870 | ||
| 100 | 1 | _aLa Rovere, E.L. | |
| 110 | 1 |
_aCentro de Treinamento para o Desenvolvimento Economico, Brasilia, DF (Brasil) _91679 |
|
| 245 | 1 |
_aEnergia e meio ambiente _bAspectos Tecnicos e Economicos do Meio Ambiente - 21/8 a 1/9/89 |
|
| 260 | 3 |
_aBrasilia, DF (Brasil): _c1989. |
|
| 300 | _a32 p. | ||
| 500 | _a17 ref. | ||
| 650 | _aMeio Ambiente | ||
| 650 | _aCondicao Ambiental | ||
| 650 | _aEnergia | ||
| 909 |
_a202309 _bLucia _c55 _dLucia Elande |
||
| 942 | _cBK | ||
| 999 |
_c56139 _d56139 |
||